000 00641nam a22002297a 4500
003 BUBTL
008 160921b xxu||||| |||| 00| 0 eng d
020 _a978-984-8941-06-5
082 _a512.5MAL
100 _9882
_aMandal,Amulya Chandra
245 _aLinear Algebra
260 _aDhaka :
_bNadi Publications,
_cc2014
300 _a878 p.
_c21 cm.
650 0 _9124
_aMathematics
700 _91964
_aSaha, Goutam Kumar
700 _91965
_aAmin,Md. Nurul
700 _91966
_aUddin, Md.Aftab
700 _91967
_aNayeem, Jannatun
856 _k0
_l0
_yDownload
942 _2ddc
_cBK
999 _c5365
_d5365